000 00911nam a2200277 i 4500
001 000006849
003 DO-SdBNP
005 20250226142018.0
007 ta
008 090903s1979 dr r 000 0 spa d
040 _aDO-SdBNP
_bspa
_cBNPHU
_erda
082 4 _a348.022
_bB929b
_222
110 2 _aBufete Cury, Rincón y Asociados
_919021
245 0 0 _aBreviario de legislación económica.
264 1 _aSanto Domingo :
_bEditora Taller,
_c1979.
300 _a88 páginas ;
_c27 cm.
336 _atexto
_btxt
_2rdacontent
337 _asin mediación
_bn
_2rdamedia
338 _avolumen
_bnc
_2rdacarrier
590 _aInventariado, 2018/BT
650 4 _aLeyes
_zRepública Dominicana
_93033
651 4 _aRepública Dominicana
_xPolítica económica
_xLegislación
_919022
651 4 _aRepública Dominicana
_xCondiciones económicas
_9281
910 _aValidado. Control de calidad. EMS
942 _2ddc
_cLBS1
999 _c6637
_d6637